La fonética en Chile: bibliografía analítica, 1829-2000
Kaydedildi:
| Asıl Yazarlar: | , |
|---|---|
| Materyal Türü: | Kitap |
| Dil: | İspanyolca |
| Baskı/Yayın Bilgisi: |
Santiago
Phoné Libros
2003
|
| Konular: | |
| Etiketler: |
Etiketle
Etiket eklenmemiş, İlk siz ekleyin!
|
MARC
| LEADER | 00000nam a2200000 a 4500 | ||
|---|---|---|---|
| 001 | UCL2650 | ||
| 003 | CL-VaPUC | ||
| 005 | 20241105100622.0 | ||
| 008 | 031031e20030000CL |||||||||||||||||spa|d | ||
| 999 | |c 305902 |d 305900 | ||
| 020 | |a 9568314008 | ||
| 040 | |c Pontificia Universidad Católica de Valparaíso | ||
| 082 | 0 | 4 | |a 414.8 |b ORT |2 21 |
| 100 | 1 | |a Ortiz Lira, Héctor |e autor |9 878798 | |
| 245 | 1 | 3 | |a La fonética en Chile: bibliografía analítica, 1829-2000 |
| 260 | |a Santiago |b Phoné Libros |c 2003 | ||
| 300 | |a 321 p | ||
| 583 | |a last modification |c 20031031 00:00:00 |k Rodrigo Vera | ||
| 650 | 0 | |a Fonética |9 308371 | |
| 650 | 0 | |a Español |9 255372 | |
| 650 | 0 | |a Prosodia |9 334439 | |
| 650 | 0 | |a Trastornos del lenguaje |9 336278 | |
| 650 | 0 | |a Investigación lingüística |9 329785 | |
| 700 | 0 | |a Saavedra Valenzuela, Eugenia |e author |9 479764 | |
| 942 | |c BK |2 ddc | ||
| 945 | |d 20031031 00:00:00 |a cmena | ||
| 952 | |0 0 |1 0 |4 0 |6 414_800000000000000_ORT_2003 |7 0 |8 A |9 370459 |a FDOPOS |b FDOPOS |d 2019-11-21 |i 3958671 |o 414.8 ORT 2003 |p 3958671 |r 2025-01-22 |w 2019-11-21 |y BK |k MLA | ||